000
00310nam a2200133Ia 4500
100
_a
Chandra/ Majumdar/ D
942
_c
BK
654
_a
digital
245
_a
Digital image Processing and analysis
260
_b
Prentice Hall
_a
Mumbai
_c
2000
082
_a
621.367
_b
CHA
300
_a
365
546
_a
ENGLISH
999
_c
22727
_d
22727